macroeconomics / (Record no. 10359)
[ view plain ]
| 000 -LEADER | |
|---|---|
| fixed length control field | 00496cam a2200157 a 4500 |
| 020 ## - ISBN | |
| International Standard Book Number | 9780077777463 (pbk. : alk. paper) |
| 050 00 - LIBRARY OF CONGRESS CALL NUMBER | |
| Classification Number | HB172.5 |
| Item Number | .F69 2013 |
| 100 1# - MAIN ENTRY--Author | |
| Personal name | Frank, Robert H. |
| 245 10 - TITLE | |
| Title | macroeconomics / |
| Statement of responsibility, etc | Robert H. Frank, Ben S. Bernanke ; with special contribution by Louis D. Johnston. |
| 260 ## - PUBLICATION, DISTRIBUTION, ETC.(IMPRINT) | |
| Place of publication, distribution, etc | New York : |
| Name of publisher, distributor, etc | McGraw-Hill/Irwin, |
| Date of publication, distribution, etc | 2013. |
| 300 ## - PHYSICAL DESCRIPTION | |
| Extent | xxxii, 445 p. : |
| 500 ## - GENERALNOTE | |
| General note | Includes index. |
| 700 1# - ADDED ENTRY--PERSONAL AUTHOR | |
| Personal Name | Bernanke, Ben |
| 700 1# - ADDED ENTRY--PERSONAL AUTHOR | |
| Personal Name | Johnston, Louis |
| 942 ## - ADDED ENTRY ELEMENTS(KOHA) | |
| Source of classification or shelving scheme | Library of Congress Classification |
| Koha item type | General circulation |
| Source of classification or shelving scheme | Not for loan | Location (home branch) | Sublocation (holding branch) | Shelving location | Date accessioned | Full call number | Barcode | Koha item type | Public note |
|---|---|---|---|---|---|---|---|---|---|
| Library of Congress Classification | Mtito Andei Centre Library | Mtito Andei Centre Library | 04/02/2016 | HB172.5 .F69 2013 | 2015/008021 | General circulation | amm |